Sídlo Haven Manor (Record no. 21219)
[ view plain ]
| 000 -LEADER | |
|---|---|
| fixed length control field | 01734cam a2200457 4500 |
| 001 - CONTROL NUMBER | |
| control field | 21219 |
| 003 - CONTROL NUMBER IDENTIFIER | |
| control field | VRT |
| 005 - DATE AND TIME OF LATEST TRANSACTION | |
| control field | 20260224160536.0 |
| 008 - FIXED-LENGTH DATA ELEMENTS--GENERAL INFORMATION | |
| fixed length control field | 200626s2020 xo gr 010 f slo |
| 015 ## - NATIONAL BIBLIOGRAPHY NUMBER | |
| National bibliography number | SNBA2021/07 |
| 020 ## - INTERNATIONAL STANDARD BOOK NUMBER | |
| International Standard Book Number | 9788089822478 |
| Qualifying information | (viazané) |
| 039 #9 - LEVEL OF BIBLIOGRAPHIC CONTROL AND CODING DETAIL [OBSOLETE] | |
| Level of rules in bibliographic description | 202510061040 |
| Level of effort used to assign nonsubject heading access points | AUTHORITY |
| Level of effort used to assign subject headings | 202107091341 |
| Level of effort used to assign classification | msnk159 |
| Level of effort used to assign subject headings | 202107091334 |
| Level of effort used to assign classification | msnk159 |
| Level of effort used to assign subject headings | 202107011511 |
| Level of effort used to assign classification | msnk03 |
| 040 ## - CATALOGING SOURCE | |
| Original cataloging agency | PPPK |
| Language of cataloging | slo |
| Transcribing agency | PPPK |
| Modifying agency | SNK |
| Description conventions | rda |
| 041 1# - LANGUAGE CODE | |
| Language code of text/sound track or separate title | slo |
| Language code of original | eng |
| 044 ## - COUNTRY OF PUBLISHING/PRODUCING ENTITY CODE | |
| MARC country code | xo |
| ISO country code | SK |
| 072 #7 - SUBJECT CATEGORY CODE | |
| Subject category code | 821.111(73)-3 |
| Subject category code subdivision | Americká próza |
| Source | konspekt |
| 080 ## - UNIVERSAL DECIMAL CLASSIFICATION NUMBER | |
| Universal Decimal Classification number | 821.111(73)-31 |
| Edition identifier | 2011 |
| 080 ## - UNIVERSAL DECIMAL CLASSIFICATION NUMBER | |
| Universal Decimal Classification number | (0:82-311.6) |
| Edition identifier | 2011 |
| 100 1# - MAIN ENTRY--PERSONAL NAME | |
| Personal name | Hunter, Kristi Ann |
| Relationship | aut |
| 240 12 - UNIFORM TITLE | |
| Uniform title | A defense of honor |
| Language of a work | Slovensky |
| 245 10 - TITLE STATEMENT | |
| Title | Sídlo Haven Manor |
| Number of part/section of a work | 1 |
| Name of part/section of a work | Záhadná guvernantka c Kristi Ann Hunterová ; preklad z anglického originálu A defense of honor Mirka Molnárová Novysedláková |
| 246 30 - VARYING FORM OF TITLE | |
| Title proper/short title | Záhadná guvernantka |
| 250 ## - EDITION STATEMENT | |
| Edition statement | Prvé vydanie |
| 264 #1 - PRODUCTION, PUBLICATION, DISTRIBUTION, MANUFACTURE, AND COPYRIGHT NOTICE | |
| Place of production, publication, distribution, manufacture | [Jezersko] |
| Name of producer, publisher, distributor, manufacturer | i527.net |
| Date of production, publication, distribution, manufacture, or copyright notice | 2020 |
| 300 ## - PHYSICAL DESCRIPTION | |
| Extent | 375 strán |
| Dimensions | 21 cm |
| 336 ## - CONTENT TYPE | |
| Content type term | text |
| Content type code | txt |
| Source | rdacontent |
| 337 ## - MEDIA TYPE | |
| Media type term | bez média |
| Media type code | n |
| Source | rdamedia |
| 338 ## - CARRIER TYPE | |
| Carrier type term | zväzok |
| Carrier type code | nc |
| Source | rdacarrier |
| 500 ## - GENERAL NOTE | |
| General note | Miesto vydania podľa NA ISBN |
| 655 #7 - INDEX TERM--GENRE/FORM | |
| Genre/form data or focus term | americké romány |
| Source of term | SNKPH |
| 655 #7 - INDEX TERM--GENRE/FORM | |
| Genre/form data or focus term | historické romány |
| Source of term | SNKPH |
| 655 #7 - INDEX TERM--GENRE/FORM | |
| Genre/form data or focus term | American novels |
| Source of term | SNKPHeng |
| 655 #7 - INDEX TERM--GENRE/FORM | |
| Genre/form data or focus term | Historical novels |
| Source of term | SNKPHeng |
| 700 1# - ADDED ENTRY--PERSONAL NAME | |
| Personal name | Molnárová-Novysedláková, Miroslava |
| Relationship | trl |
| 700 1# - ADDED ENTRY--PERSONAL NAME | |
| Relationship information | Pokračovanie: |
| Personal name | Hunter, Kristi Ann |
| Title of a work | Odvážna dáma |
| Number of part/section of a work | 2 |
| 700 1# - ADDED ENTRY--PERSONAL NAME | |
| Relationship information | Pokračovanie: |
| Personal name | Hunter, Kristi Ann |
| Title of a work | Hľadanie domova |
| Number of part/section of a work | 3 |
| 787 08 - OTHER RELATIONSHIP ENTRY | |
| Relationship information | Zo série: |
| Title | Sídlo Haven Manor |
| 942 ## - ADDED ENTRY ELEMENTS (KOHA) | |
| Source of classification or shelving scheme | Dewey Decimal Classification |
| Koha item type | Krásna literatúra pre dospelých |
| Suppress in OPAC | No |
| 949 ## - LOCAL PROCESSING INFORMATION (OCLC) | |
| 6 | 17A1455257 |
| a | snkSC 193186/1 |
| b | snk2021/7981 |
| o | 929/21 |
| s | 6100:20210720 |
| 949 ## - LOCAL PROCESSING INFORMATION (OCLC) | |
| 6 | 17A1455354 |
| a | snkSC 193186/1 D1 |
| b | snk2021/9807 |
| o | 929/21 |
| Stav vyradenia | Strata | Poškodenie | Spôsob nadobudnutia | Domovská knižnica | Aktuálna knižnica | Dátum nadobudnutia | Total checkouts | Čiarový kód exemplára | Date due | Date last seen | Date last checked out | Typ exemplára |
|---|---|---|---|---|---|---|---|---|---|---|---|---|
| Dar | Obecná knižnica Horná Štubňa | Obecná knižnica Horná Štubňa | 24.02.2026 | 1 | 9788089822478 | 16.04.2026 | 17.03.2026 | 17.03.2026 | Krásna literatúra pre dospelých |
